LEADER 00850nam0-22003011i-450- 001 990005630790403321 005 20110913112454.0 035 $a000563079 035 $aFED01000563079 035 $a(Aleph)000563079FED01 035 $a000563079 100 $a19990604g19759999km-y0itay50------ba 101 0 $aita 105 $aa-------00--- 200 1 $aGrafica grafica$fCalcografia nazionale 210 $aRoma$cEd. dell'Elefante$d1975- 215 $av.$cill.$d25 cm 610 0 $aGrafica$aEsposizioni 676 $a760 710 02$aCalcografia nazionale$c$04352 801 0$aIT$bUNINA$gRICA$2UNIMARC 901 $aBK 912 $a990005630790403321 952 $a760 MOSTRE ROMA 1975$bST.ARTE 13505$fFLFBC 952 $a760 MOSTRE ROMA 1976$bST.ARTE 13507$fFLFBC 959 $aFLFBC 996 $aGrafica grafica$9605247 997 $aUNINA LEADER 00996nam0-22003011i-450- 001 990004347880403321 005 20050414115602.0 010 $a3-525-35972-1 035 $a000434788 035 $aFED01000434788 035 $a(Aleph)000434788FED01 035 $a000434788 100 $a19990604d1976----km-y0itay50------ba 101 0 $ager 105 $ay-------001yy 200 1 $a<>Bund der Industriellen$eOrganisation, Einfluss und Politik klein- und mittelbetrieblicher Industrieller im Deutschen Kaiserreich 1895-1914$fvon Hans-Peter Ullmann 210 $aGottingen$cVandenhoeck und Ruprecht$d1976. 215 $a464 p.$d24 cm 225 1 $aKritische Studien zur Geschichtswissenschaft$v21 676 $a338.943$v21$zita 700 1$aUllmann,$bHans-Peter$0173590 801 0$aIT$bUNINA$gRICA$2UNIMARC 901 $aBK 912 $a990004347880403321 952 $a338.94 ULL 1$bI.st.r.c.2057$fFLFBC 959 $aFLFBC 996 $aBund der Industriellen$9486005 997 $aUNINA LEADER 00970nam0-2200349---450 001 990000866640203316 005 20210302095658.0 010 $a88-464-0162-X 035 $a0086664 035 $aUSA010086664 035 $a(ALEPH)000086664USA01 035 $a0086664 100 $a20020110d1997----y0itay01 ba 101 $aita 102 $aIT 105 $a00||| 200 1 $aPortella della Ginestra$emicrostoria di una strage di Stato$fGiuseppe Casarrubea 210 $aMilano$cAngeli$d[1997] 215 $a317 p.$d22 cm 225 2 $aStoria$v214 410 0$12001$aStoria$v214. 600 1$aGiuliano,$bSalvatore 606 $aStrage$yPortella della Ginestra$z1947 676 $a364.15230945823 700 1$aCASARRUBEA,$bGiuseppe$0176480 801 0$aIT$bsalbc$gISBD 912 $a990000866640203316 951 $aX.3.A. 786(III E 1969)$b135915 L.M.$cIII E 959 $aBK 969 $aUMA 996 $aPortella della Ginestra$9969459 997 $aUNISA